Hóa học hữu cơ Phần bài tập. Dùng cho sinh viên khoa Hóa các trường Đại học, Cao đẳng

Сохранить в:
Библиографические подробности
Главный автор: Ngô Thị Thuận
Формат:
Опубликовано: H. Khoa học và kỹ thuật 1999
Предметы:
Метки: Добавить метку
Нет меток, Требуется 1-ая метка записи!
Thư viện lưu trữ: Trung tâm Học liệu Lê Vũ Hùng, Trường Đại học Đồng Tháp
LEADER 00771pam a22002298a 4500
001 00029848
005 20171026081022.0
008 121123s1999 ||||||Viesd
041 0 # |a Vie 
082 1 # |a 547.007 6  |b H401H 
100 0 # |a Ngô Thị Thuận 
245 0 0 |a Hóa học hữu cơ  |c Ngô Thị Thuận  |b Phần bài tập. Dùng cho sinh viên khoa Hóa các trường Đại học, Cao đẳng 
260 # # |a H.  |b Khoa học và kỹ thuật  |c 1999 
300 # # |a 187 tr.  |c 27 cm. 
653 # # |a Bài tập 
653 # # |a Hóa hữu cơ 
852 # # |b Kho đọc  |j KD.0014210 
852 # # |j KD.0014210 
910 |d 23/11/2012 
980 # # |a Trung tâm Học liệu Lê Vũ Hùng, Trường Đại học Đồng Tháp